Lengua I : (Registro nro. 9776)

Detalles MARC
000 -LIDER
fixed length control field 01687nam a2200373 a 4500
001 - NÚMERO DE CONTROL
Identificador de número de control 000012903
003 - IDENTIFICACDOR DE NÚMERO DE CONTROL
control field DO-SdBNP
005 - DATE AND TIME OF LATEST TRANSACTION
control field 20180305140440.0
007 - CAMPOS FIJOS DE DESCRIPCIÓN FÍSICA
fixed length control field 000012903
008 - ELEMENTOS DE LONGITUD FIJA
fixed length control field 091118s2010 dr ac 000 0 spa d
020 ## - ISBN
International Standard Book Number 994540010X
020 ## - ISBN
International Standard Book Number 9945400118 (v. 2)
020 ## - ISBN
International Standard Book Number 9945400126 (v. 3)
020 ## - ISBN
International Standard Book Number 9945400134 (v. 4)
040 ## - FUENTE DE CATALOGACIÓN
Agencia que crea de manera original el registro BPMSU
Idioma de catalogación spa
Agencia que realiza la transcripción BPMSU
092 ## - LOCALLY ASSIGNED DEWEY DECIMAL CALL NUMBER
Número de clasificación xxxx
Número de ítem (Cutter) xxxx
100 ## - ASIENTO PRINCIPAL -- NOMBRE PERSONAL
Nombre personal González, Olimpia
245 00 - MENCIÓN DE TITULO
Título Lengua I :
Subtítulo primer ciclo educación media /
Mención de responsabilidad Olimpia González, Juan Francisco Jaspe Neró
260 ## - PUBLICACIÓN, DISTRIBUCIÓN, ETC. (PIE DE IMPRENTA)
Lugar de publicación, distribución, etc Santo Domingo :
Nombre del editor, distribuidor, etc. Actualidad Escolar 2000,
Fecha de publicación, distribución, etc 2010
300 ## - DESCRIPCIÓN FÍSICA
Extensión 234p. :
Otros detalles físicos il. ;
Dimensiones 29 cm.
500 ## - NOTA GENERAL
Nota general La Biblioteca posee la Guía metodológica del primer ciclo educación media
505 0# - NOTA DE CONTENIDO
Información miscelánea v. 1 : Primer ciclo
Título ciudadanos e inmigrantes --
-- Cazador de tendencias --
-- Las predicciones de Julio Verne --
-- Premiarán calidad en gestión pública --
-- Las islas Galapagos --
-- Turismo y comunidad --
-- Educación y medio de comunicación --
-- El papel de los intelectuales en la sociedad --
-- El hombre se posee en la medida que posee su lenguaje --
-- Ronda por el cuento brevísimo --
-- Guayo o rayador taíno --
-- Pulsaciones magnéticas que afectan el cerebro --
650 ## - ENCABEZAMIENTO DE MATERIA--TEMÁTICO
Término temático o nombre geográfico como elemento de entrada GRAMÁTICA
Subdivisión temática general ENSEÑANZA SECUNDARIA
650 ## - ENCABEZAMIENTO DE MATERIA--TEMÁTICO
Término temático o nombre geográfico como elemento de entrada EDUCACIÓN SECUNDARIA
Subdivisión temática general REPÚBLICA DOMINICANA
650 ## - ENCABEZAMIENTO DE MATERIA--TEMÁTICO
Término temático o nombre geográfico como elemento de entrada GRAMÁTICA
Subdivisión temática general LIBROS DE TEXTO
650 ## - ENCABEZAMIENTO DE MATERIA--TEMÁTICO
Término temático o nombre geográfico como elemento de entrada GRAMÁTICA
651 ## - ENCABEZAMIENTO DE MATERIA--NOMBRE GEOGRÁFICO
Subdivisión temática general ESTUDIOS Y EJERCICIOS
700 12 - ASIENTO SECUNDARIO -- NOMBRE PERSONAL
Nombre personal Sánchez, Olimpia
700 1# - ASIENTO SECUNDARIO -- NOMBRE PERSONAL
Nombre personal Jaspez Neró, Juan Francisco
700 12 - ASIENTO SECUNDARIO -- NOMBRE PERSONAL
Nombre personal Sandoval, Ramón
Mención de responsabilidad il.
942 ## - ADDED ENTRY ELEMENTS (KOHA)
Source of classification or shelving scheme Dewey Decimal Classification
Koha item type Libros
945 ## - INFORMACIÓN DE PROCESAMIENTO LOCAL
Información de procesamiento local Remanejado para la BNPHU / 2018 VM
956 ## - LOCAL ELECTRONIC LOCATION AND ACCESS (OCLC)
Nombre de host VMATEO
Número de acceso 10
Información de compresión 20150813
Inicio de sesión BPMSU
Procesador de solicitud 00151
Existencias
Withdrawn status Lost status Source of classification or shelving scheme Damaged status Not for loan Collection code Home library Current library Date acquired Source of acquisition Total Checkouts Full call number Barcode Date last seen Price effective from Koha item type Copy number
    Dewey Decimal Classification     Colección Escolar Biblioteca Pública Metropolitana Salomé Ureña Biblioteca Pública Metropolitana Salomé Ureña 04/15/2016 Donación   373.61 BPMSU16040471 04/15/2016 04/15/2016 Libros  
    Dewey Decimal Classification       Biblioteca Pública Metropolitana Salomé Ureña Biblioteca Pública Metropolitana Salomé Ureña 04/15/2016 Donación   373.61 BPMSU16040472 04/15/2016 04/15/2016 Libros e. 2